Statistics for can you guess the capitals? #1

Click here to take the quiz!

General Stats

  • This quiz has been taken 5 times
  • The average score is 12 of 15

Answer Stats

HintAnswer% Correct
NetherlandsAmsterdam
100%
GermanyBerlin
100%
ArgentinaBuenos Aires
100%
PeruLima
100%
United kingdomLondon
100%
RussiaMoscow
100%
TunesiaTunis
100%
TurkeyAnkara
80%
IndiaNew Delhi
80%
VSWashington D.C
80%
IraqBaghdad
60%
MaroccoRabat
60%
PolandWarschau
60%
MadagascarAntananarivo
40%
ZimbabweHarare
20%

Score Distribution

Percentile by Number Answered

Percent of People with Each Score

Your Score History

You have not taken this quiz